000 00551nam a2200241 a 4500
001 nice12345678
003 IN_TiNIC
005 20260116012127.0
008 050524s1898 teha grp 000 0 per
020 _a
_c100
082 0 0 _a297.82
_bALM
100 _aAlmani, Shaheed
245 _aTareekh Shiah
260 _aTehran
_bIqbal Press
_c1898
300 _a183p
500 _aincludes index and biblioraphy
505 2 _aIndex
650 _aShiah-History
700 1 _aAlmani, Shaheed
902 _bSRS
942 _cBK
999 _c5750
_d5750